000 00476nam a22002057a 4500
003 bpm
005 20260414105150.0
008 260414b |||||||| |||| 00| p spa d
020 _a8439702302
024 _aS. C. C. / M. C. y E. M.:
040 _aAR-CtUCP
041 _aspa
080 _aCDU
100 _aGoethe Johann Wolfgang Von
245 _a47 poemas
260 _aMadrid
_bGrijalbo
_c1998
650 _aLiteratura - Poesía
942 _cLIB
999 _c76634
_d76634